Welcome to CU Library Online Public Access Catalogue (OPAC)

Handbook of self-concept : (Record no. 7380)

MARC details
000 -LEADER
fixed length control field 00913cam a2200229 a 4500
001 - CONTROL NUMBER
control field 2559916
005 - DATE AND TIME OF LATEST TRANSACTION
control field 20250826135402.0
008 - FIXED-LENGTH DATA ELEMENTS--GENERAL INFORMATION
fixed length control field 950330s1996 nyu b 001 0 eng
020 ## - INTERNATIONAL STANDARD BOOK NUMBER
International Standard Book Number 0471599395
Qualifying information cloth : alk. paper
020 ## - INTERNATIONAL STANDARD BOOK NUMBER
International Standard Book Number 9780471599395
Qualifying information (cloth : alk. paper)
050 00 - LIBRARY OF CONGRESS CALL NUMBER
Classification number BF697.5.S43
Item number H363 1996
082 00 - DEWEY DECIMAL CLASSIFICATION NUMBER
Classification number 155.2
Edition information 20
245 00 - TITLE STATEMENT
Title Handbook of self-concept :
Remainder of title developmental, social, and clinical considerations /
Statement of responsibility, etc. edited by Bruce A. Bracken.
260 ## - PUBLICATION, DISTRIBUTION, ETC.
Place of publication, distribution, etc. New York :
Name of publisher, distributor, etc. Wiley
Date of publication, distribution, etc. c1996.
300 ## - PHYSICAL DESCRIPTION
Extent xvi, 539 p. ;
Dimensions 25 cm.
650 #0 - SUBJECT ADDED ENTRY--TOPICAL TERM
Topical term or geographic name entry element Self-perception.
700 1# - ADDED ENTRY--PERSONAL NAME
Personal name Bracken, Bruce A.
856 42 - ELECTRONIC LOCATION AND ACCESS
Materials specified Contributor biographical information
Uniform Resource Identifier <a href="http://www.loc.gov/catdir/bios/wiley041/95015681.html">http://www.loc.gov/catdir/bios/wiley041/95015681.html</a>
856 42 - ELECTRONIC LOCATION AND ACCESS
Materials specified Publisher description
Uniform Resource Identifier <a href="http://www.loc.gov/catdir/description/wiley031/95015681.html">http://www.loc.gov/catdir/description/wiley031/95015681.html</a>
856 4# - ELECTRONIC LOCATION AND ACCESS
Materials specified Table of Contents
Uniform Resource Identifier <a href="http://www.loc.gov/catdir/toc/onix01/95015681.html">http://www.loc.gov/catdir/toc/onix01/95015681.html</a>
942 ## - ADDED ENTRY ELEMENTS (KOHA)
Source of classification or shelving scheme Library of Congress Classification
Koha item type Books
Suppress in OPAC No
999 ## -
-- 7380
-- 7380
Holdings
Withdrawn status Lost status Source of classification or shelving scheme Damaged status Not for loan Collection Home library Current library Shelving location Date acquired Total checkouts Full call number Barcode Date last seen Copy number Price effective from Koha item type
    Library of Congress Classification     Non-fiction Undergraduate Library (Christ Temple) Undergraduate Library (Christ Temple) General stacks 08/26/2025   BF 697 HAN ulct00004491 08/26/2025 1 08/26/2025 Books
© 2023-2024 Copyright: Central University Libraries. All Rights Reserved | Created by: Mahone Tech Office